• 首页
  • 本馆介绍
  • 公告通知
  • 最新文献
  • 馆藏检索
  • 电子资源
  • 读者导购
  • 参考咨询
  • 我的图书馆
  • 登录
  • 详细信息显示
  • 放入我的书架
  • 预约/预借图书
  • 作者相关作品
  • 分类相关作品
  • 丛书相关作品
  • 出版社相关作品

书目信息

  • 表格格式
  • 工作单格式
  • 卡片格式
题名:
邓克生通俗经济论文选
    
 
作者: 邓克生 著 ;江苏省社会科学院经济研究所 编
分册:  
出版信息: 上海   上海人民出版社  1982
页数: 348页
开本: 21cm
丛书名:
单 册:
中图分类: F0-49
科图分类:
主题词: 经济学--文集 , 政治经济学
电子资源:
ISBN:
000 00807nam0 2200265 45
001 0182008264
005 20040423085727.0
010    @dCNY1.10
091    @a4074.481
100    @a19950628d1982 emky0chiy0121 ea
101 0  @achi
102    @aCN@b310000
105    @ay z 000yy
106    @ar
200 10 @a邓克生通俗经济论文选@Adeng ke sheng tong su jing ji lun wen xuan@f邓克生著@g江苏省社会科学院经济研究所编
210    @a上海@c上海人民出版社@d1982
215    @a348页@d21cm
606    @a经济学@x文集
606 0  @a政治经济学
690    @aF0-49
701  0 @a邓克生@Adeng ke sheng@4著
712 02 @a江苏省社会科学院经济研究所@Ajiang su sheng she hui ke xue yuan jing ji yan jiu suo@4编
801  0 @aCN@b上海图书馆@c20040423
801  2 @aCN@bNLC@c20040423
905    @f3@b232331-333@dF0-49@e120
    
    邓克生通俗经济论文选/邓克生著/江苏省社会科学院经济研究所编.-上海:上海人民出版社,1982
    348页;21cm
    
    
    ISBN :CNY1.10
    
●
相关链接 在E读中查询图书 在五车中查询图书 在当当中查询图书 在豆瓣中查询图书


正题名:邓克生通俗经济论文选     索取号:F0-49/120         预约/预借

序号 登录号 条形码 馆藏地/架位号 状态 备注
1 0232331   000709898   密集书库/ [索取号:F0-49/120] 在馆    
2 0232332   001268390   第一借阅区/ [索取号:F0-49/120] 在馆    
3 0232333   000709861   密集书库/ [索取号:F0-49/120] 在馆    
4 0232334   000709852   第一样本阅览室/ [索取号:F0-49/120] 在馆    
唐山师范学院图书馆 欢迎您!
大连网信软件有限公司© 版权所有